| 000 | 01024cam a2200289 i 4500 | ||
|---|---|---|---|
| 001 | 000018330 | ||
| 003 | DO-SdBNP | ||
| 005 | 20241003134927.0 | ||
| 008 | 240619s2019 sp b 100 0 spa | ||
| 020 | _a9789991672908 | ||
| 040 |
_aDO-SdBNP _bspa _cBPMSU _erda |
||
| 082 | 4 |
_a303.4 _bF899o 2019 _222 |
|
| 245 | 0 | 0 | _aFrieda y los objetivos de desarrollo sostenible |
| 264 |
_a Nueva York : _b Naciones Unidas, _c2019 |
||
| 300 |
_a50 páginas. : _bilustraciones ; _c32 cm. |
||
| 336 |
_2rdacontent _atexto _btxt |
||
| 337 |
_2rdamedia _asin mediación _bn |
||
| 338 |
_2rdacarrier _avolumen _bnc |
||
| 590 | _aInventariado,2024/VM | ||
| 650 | 4 | _aDesarrollo sostenible | |
| 650 | 4 | _aObjetivos de desarrollo sostenible | |
| 650 | 4 | _aConservación de los recursos naturales | |
| 650 | 4 | _aDesarrollo social | |
| 710 | 2 |
_aDepartamento de Comunicaciones Globales de las Naciones Unidas, Departamento de Comunicaciones Globales de las Naciones Unidas _4 |
|
| 910 | _a VMateo V. Control de calidad. BPMSU | ||
| 942 |
_2ddc _cBK |
||
| 999 |
_c14819 _d14819 |
||